Spices in Mrs. Dash Quiz Stats

 Plays Quiz Updated Mar 30, 2012

Challenge
Share
Tweet
Embed
Score 0/14 Timer 06:00
0 Plays Today
% Correct
Black Pepper
82.5%
Oregano
72%
Thyme
69.1%
Basil
64.2%
Rosemary
60.4%
Parsley
58.4%
Cumin
50.1%
% Correct
Coriander
29.1%
Cayenne Pepper
28.6%
Bay
23.6%
Mustard
21.8%
Marjoram
19.4%
Celery Seed
12.8%
Savory
8.2%

You're not logged in!

Compare scores with friends on all Sporcle quizzes.
OR
Log In

You Might Also Like...

Show Comments

Extras

Top Quizzes Today


Score Distribution

Your Account Isn't Verified!

In order to create a playlist on Sporcle, you need to verify the email address you used during registration. Go to your Sporcle Settings to finish the process.

Report this User

Report this user for behavior that violates our Community Guidelines.

Details: